Managing on the Edge How the Smartest Companies Use Conflict to Stay Ahead
Gespeichert in:
| 1. Verfasser: | |
|---|---|
| Format: | Buch |
| Sprache: | Englisch |
| Veröffentlicht: |
New York
A Touchstone Book
1991
|
| Ausgabe: | 1. ed. |
| Schlagworte: | |
| Tags: |
Keine Tags, Fügen Sie das erste Tag hinzu!
|
MARC
| LEADER | 00000nam a2200000 4500 | ||
|---|---|---|---|
| 001 | c014283 | ||
| 005 | 20221206114747.5 | ||
| 020 | |a 0-671-73285-4 | ||
| 041 | 0 | |a eng | |
| 044 | |a US | ||
| 245 | 1 | 0 | |a Managing on the Edge |b How the Smartest Companies Use Conflict to Stay Ahead |c Richard Tanner Pascale |
| 250 | |a 1. ed. | ||
| 264 | 1 | |a New York |b A Touchstone Book |c 1991 | |
| 300 | |a 350 s. | ||
| 610 | 2 | 0 | |a zmeny organizačné |
| 610 | 2 | 0 | |a efektívnosť |
| 610 | 2 | 0 | |a efektívnosť ekonomická |
| 610 | 2 | 0 | |a efektívnosť práce |
| 610 | 2 | 0 | |a kríza |
| 610 | 2 | 0 | |a transformácia |
| 610 | 2 | 0 | |a konflikty |
| 610 | 2 | 0 | |a riadenie |
| 610 | 2 | 0 | |a riadenie strategické |
| 610 | 2 | 0 | |a riadenie vrcholové |
| 610 | 2 | 0 | |a pracovníci riadiaci |
| 610 | 2 | 0 | |a manažment |
| 610 | 2 | 0 | |a štúdie prípadové |
| 100 | 1 | |a Pascale, Richard Tanner | |